Pejuang kemanusiaan

Bibliographic Details
Main Author: Amer Haji Matsom
Format: Book
Published: Kuala Lumpur : Vinpress , 1993
Series:Siri tokoh-tokoh terkemuka
Subjects:

MARC

LEADER 00000cam a2200000 7i4500
001 0000003757
002 000004047
005 20000330.0
020 |a 9678101726 
090 0 0 |a JF   |b AME 
100 0 |a Amer Haji Matsom 
245 1 0 |a Pejuang kemanusiaan   |c Amer Haji Matsom 
260 |a Kuala Lumpur :   |b Vinpress ,   |c 1993 
300 |a 32p. :   |b ill. ;   |c 21cm. 
490 0 |a Siri tokoh-tokoh terkemuka 
650 0 0 |a Children's stories, Malay 
999 |a 032327   |b BUKU   |c JUNIOR FICTION   |e PERPUSTAKAAN KOMUNITI PETALING JAYA